[Event "Bundesliga 9697"]
[Site "Deutschland"]
[Date "1996.??.??"]
[Round "?.7"]
[White "Buenermann, Volker"]
[Black "Podzielny, Karl Heinz"]
[Result "0-1"]
[WhiteElo "2350"]
[BlackElo "2490"]
[PlyCount "82"]
[EventDate "1996.10.??"]
[EventType "team"]
[EventRounds "15"]
[EventCountry "GER"]
[SourceTitle "Bundesliga 9697"]
[Source "DeepChess"]
[SourceDate "2005.01.01"]
[SourceVersion "1"]
[SourceVersionDate "2005.01.01"]
[SourceQuality "1"]
[WhiteTeam "SG Bochum 31"]
[BlackTeam "SG 1868 Aljech. Solingen"]
[WhiteTeamCountry "GER"]
[BlackTeamCountry "GER"]

1. e4 c5 2. Nf3 e6 3. d4 cxd4 4. Nxd4 a6 5. Bd3 Nf6 6. Qe2 d6 7. O-O Qc7 8. c4
Nbd7 9. Nc3 g6 10. Be3 Bg7 11. Rac1 O-O 12. f3 Re8 13. Rfd1 b6 14. b3 Bb7 15.
Qf2 Rac8 16. Bb1 Qb8 17. Nde2 Ba8 18. Na4 d5 19. cxd5 Rxc1 20. Bxc1 exd5 21.
Bf4 Qd8 22. Nec3 b5 23. Nc5 Nxc5 24. Qxc5 Nd7 25. Qe3 d4 26. Rxd4 Bxd4 27. Qxd4
Qb6 28. Qxb6 Nxb6 29. Be3 Rc8 30. Ne2 Nd7 31. Kf2 Ne5 32. Bd4 f6 33. f4 Nd7 34.
Ke3 Kf7 35. g4 Nc5 36. Ng3 Ne6 37. Bb2 Rd8 38. Bc2 Nxf4 39. Kxf4 Rd2 40. Bxf6
Rxc2 41. Bd4 Rxh2 0-1

[Event "Bundesliga 9697"]
[Site "Deutschland"]
[Date "1996.??.??"]
[Round "?.8"]
[White "Schaefer, Markus"]
[Black "Kitte, Sebastian"]
[Result "1/2-1/2"]
[WhiteElo "2455"]
[BlackElo "2305"]
[PlyCount "47"]
[EventDate "1996.10.??"]
[EventType "team"]
[EventRounds "15"]
[EventCountry "GER"]
[SourceTitle "Bundesliga 9697"]
[Source "DeepChess"]
[SourceDate "2005.01.01"]
[SourceVersion "1"]
[SourceVersionDate "2005.01.01"]
[SourceQuality "1"]
[WhiteTeam "SG 1868 Aljech. Solingen"]
[BlackTeam "SG Bochum 31"]
[WhiteTeamCountry "GER"]
[BlackTeamCountry "GER"]

1. e4 c5 2. Nf3 e6 3. d4 cxd4 4. Nxd4 Nf6 5. Nc3 d6 6. Be2 Nc6 7. Be3 Be7 8.
O-O O-O 9. f4 Qc7 10. Qe1 Nxd4 11. Bxd4 e5 12. Be3 exf4 13. Rxf4 Be6 14. Qg3
Nd7 15. Raf1 Ne5 16. Bd3 Qd8 17. Nd5 Bxd5 18. exd5 Bg5 19. Rb4 Bxe3+ 20. Qxe3
Qc7 21. c3 Nxd3 22. Qxd3 Rae8 23. Re4 Qc5+ 24. Rf2 1/2-1/2

[Event "Bundesliga 9697"]
[Site "Deutschland"]
[Date "1996.??.??"]
[Round "?.2"]
[White "Lutz, Christopher"]
[Black "Jussupow, Artur"]
[Result "1/2-1/2"]
[WhiteElo "2565"]
[BlackElo "2665"]
[PlyCount "107"]
[EventDate "1996.10.??"]
[EventType "team"]
[EventRounds "15"]
[EventCountry "GER"]
[SourceTitle "Bundesliga 9697"]
[Source "DeepChess"]
[SourceDate "2005.01.01"]
[SourceVersion "1"]
[SourceVersionDate "2005.01.01"]
[SourceQuality "1"]
[WhiteTeam "SG Porz e.V."]
[BlackTeam "SG 1868 Aljech. Solingen"]
[WhiteTeamCountry "GER"]
[BlackTeamCountry "GER"]

1. e4 e5 2. Nf3 Nc6 3. Bb5 a6 4. Ba4 Nf6 5. O-O Nxe4 6. d4 b5 7. Bb3 d5 8. dxe5
Be6 9. Nbd2 Nc5 10. c3 Bg4 11. Bc2 Ne6 12. Re1 Bc5 13. Nb3 Ba7 14. a4 b4 15.
Qd3 Bh5 16. Nfd4 Bxd4 17. cxd4 Bg6 18. Qd1 Bxc2 19. Qxc2 Ncxd4 20. Nxd4 Nxd4
21. Qc5 Ne6 22. Qc6+ Ke7 23. Be3 d4 24. Bxd4 Nxd4 25. Qc5+ Ke6 26. Rad1 Qd5 27.
Qxd4 Qxd4 28. Rxd4 Rhd8 29. Rxb4 Rab8 30. Rc4 Rxb2 31. Rc6+ Ke7 32. Rxc7+ Rd7
33. Rc6 Rdd2 34. Rf1 Ra2 35. Rxa6 Rd4 36. g3 Raxa4 37. Rb6 Rab4 38. Ra6 Ra4 39.
Rxa4 Rxa4 40. Kg2 Ra2 41. Kh3 f6 42. exf6+ Kxf6 43. f3 h5 44. Rb1 Rf2 45. Rb6+
Kf7 46. f4 g6 47. Kh4 Rxh2+ 48. Kg5 Rg2 49. Rb7+ Kg8 50. Rb3 Kg7 51. Ra3 Rg1
52. Ra7+ Kg8 53. Kxg6 Rxg3+ 54. Kxh5 1/2-1/2

[Event "Bundesliga 9697"]
[Site "Deutschland"]
[Date "1996.??.??"]
[Round "?.6"]
[White "Van Wely, Loek"]
[Black "Chandler, Murray G"]
[Result "0-1"]
[WhiteElo "2605"]
[BlackElo "2550"]
[PlyCount "182"]
[EventDate "1996.10.??"]
[EventType "team"]
[EventRounds "15"]
[EventCountry "GER"]
[SourceTitle "Bundesliga 9697"]
[Source "DeepChess"]
[SourceDate "2005.01.01"]
[SourceVersion "1"]
[SourceVersionDate "2005.01.01"]
[SourceQuality "1"]
[WhiteTeam "SG Porz e.V."]
[BlackTeam "SG 1868 Aljech. Solingen"]
[WhiteTeamCountry "GER"]
[BlackTeamCountry "GER"]

1. d4 d5 2. c4 e6 3. Nc3 c5 4. cxd5 exd5 5. Nf3 Nc6 6. g3 Nf6 7. Bg2 Be7 8. O-O
O-O 9. Bg5 cxd4 10. Nxd4 h6 11. Be3 Re8 12. Qb3 Na5 13. Qc2 Bg4 14. Rad1 Rc8
15. Rfe1 Nc4 16. Bc1 Bb4 17. h3 Bd7 18. Nf5 Qa5 19. Ne3 Nxe3 20. Bxe3 Bxc3 21.
bxc3 Ba4 22. Qb2 Bxd1 23. Rxd1 Qxc3 24. Qxb7 Rxe3 25. fxe3 Qxe3+ 26. Kh2 Rc2
27. Qa6 Qxe2 28. Qxe2 Rxe2 29. a3 Ra2 30. Rd3 Kf8 31. Rc3 a5 32. g4 d4 33. Rb3
a4 34. Rb8+ Ke7 35. Rb4 Rxa3 36. Rxd4 Ke6 37. Rb4 Nd7 38. h4 Nc5 39. Rc4 Kd6
40. Rd4+ Ke7 41. Rc4 Ne6 42. Bc6 Ra2+ 43. Kg3 a3 44. Ra4 Rc2 45. Ra7+ Kd6 46.
Be4 Rc3+ 47. Kf2 Nc5 48. Bh7 Ke6 49. Ke2 Rh3 50. Bg8 Nd7 51. Kf2 Ne5 52. Ra6+
Kd5 53. Ra5+ Kd6 54. Ra6+ Kc7 55. Ra5 Nxg4+ 56. Kg2 Rxh4 57. Kg3 g5 58. Bxf7
Nf6 59. Rxa3 Ne4+ 60. Kg2 Kd6 61. Bg6 Nc5 62. Re3 Ne6 63. Bf5 Nd4 64. Bc8 Rf4
65. Rh3 Rf6 66. Bg4 Ke5 67. Ra3 Kf4 68. Bd1 g4 69. Ra8 Rb6 70. Ra4 Rd6 71. Be2
h5 72. Bf1 Kg5 73. Ra5+ Nf5 74. Ba6 Rd2+ 75. Kf1 Kf4 76. Bc8 Ng3+ 77. Kg1 Rd4
78. Ra7 Ne4 79. Ra3 h4 80. Bb7 h3 81. Ra1 Ng5 82. Kh1 Nf3 83. Rf1 Rd3 84. Bxf3
Rxf3 85. Ra1 Kg3 86. Kg1 Rc3 87. Kh1 Rc4 88. Kg1 Kh4 89. Kh1 g3 90. Kg1 Kg4 91.
Rb1 h2+ 0-1

[Event "Bundesliga 9697"]
[Site "Deutschland"]
[Date "1996.??.??"]
[Round "?.8"]
[White "Van der Wiel, John TH"]
[Black "Podzielny, Karl Heinz"]
[Result "1-0"]
[WhiteElo "2535"]
[BlackElo "2490"]
[PlyCount "121"]
[EventDate "1996.10.??"]
[EventType "team"]
[EventRounds "15"]
[EventCountry "GER"]
[SourceTitle "Bundesliga 9697"]
[Source "DeepChess"]
[SourceDate "2005.01.01"]
[SourceVersion "1"]
[SourceVersionDate "2005.01.01"]
[SourceQuality "1"]
[WhiteTeam "SG Porz e.V."]
[BlackTeam "SG 1868 Aljech. Solingen"]
[WhiteTeamCountry "GER"]
[BlackTeamCountry "GER"]

1. e4 c5 2. Nf3 e6 3. d4 cxd4 4. Nxd4 a6 5. Bd3 Nf6 6. Qe2 d6 7. O-O Qc7 8. c4
Nbd7 9. Nc3 Be7 10. Be3 h5 11. h3 b6 12. Rac1 Bb7 13. f4 Nc5 14. Bf2 Nxd3 15.
Qxd3 Rc8 16. b3 g6 17. Nf3 Qc6 18. Rfe1 Kf8 19. Bd4 h4 20. Qe3 Bd8 21. Na4 Rh5
22. Bxf6 Bxf6 23. Qxb6 Qxb6+ 24. Nxb6 Rc7 25. Kf2 Be7 26. Na4 Kg7 27. Ke3 Rh8
28. Rcd1 Bc6 29. Nc3 Ba8 30. Rd3 Rhc8 31. Red1 Bf6 32. e5 dxe5 33. fxe5 Be7 34.
Ne4 Bc6 35. Nd4 Ba8 36. Nf3 Bc6 37. Rd4 Rh8 38. Kf4 Rh5 39. R1d2 Rf5+ 40. Kg4
Bb4 41. Re2 Be7 42. Rd3 g5 43. g3 Rc8 44. Ned2 Kh6 45. Nd4 Rd8 46. Ree3 Rxd4+
47. Rxd4 Rxe5 48. Rxe5 f5+ 49. Rxf5 exf5+ 50. Kxf5 hxg3 51. Ne4 g2 52. Rd1
Bxe4+ 53. Kxe4 Bc5 54. b4 g1=Q 55. Rxg1 Bxg1 56. c5 Kh5 57. a4 Bh2 58. a5 Kh4
59. b5 Kxh3 60. bxa6 Bb8 61. c6 1-0

[Event "Bundesliga 9697"]
[Site "Deutschland"]
[Date "1997.??.??"]
[Round "?.4"]
[White "Bischoff, Klaus"]
[Black "Wells, Peter K"]
[Result "1-0"]
[WhiteElo "2550"]
[BlackElo "2495"]
[PlyCount "80"]
[EventDate "1996.10.??"]
[EventType "team"]
[EventRounds "15"]
[EventCountry "GER"]
[SourceTitle "Bundesliga 9697"]
[Source "DeepChess"]
[SourceDate "2005.01.01"]
[SourceVersion "1"]
[SourceVersionDate "2005.01.01"]
[SourceQuality "1"]
[WhiteTeam "SG 1868 Aljech. Solingen"]
[BlackTeam "SK Passau 1869"]
[WhiteTeamCountry "GER"]
[BlackTeamCountry "GER"]

1. d4 Nf6 2. c4 e6 3. Nc3 Bb4 4. Qc2 O-O 5. a3 Bxc3+ 6. Qxc3 Ne4 7. Qc2 f5 8.
Nh3 Nc6 9. e3 d6 10. f3 Nf6 11. Be2 e5 12. dxe5 dxe5 13. Nf2 a5 14. Bd2 Qe7 15.
O-O Be6 16. b3 Rfd8 17. Rfe1 Nd7 18. Bc3 Qf7 19. Bb2 Nc5 20. Nd3 Nxd3 21. Bxd3
Rd7 22. Bf1 Rad8 23. Qc3 Qe7 24. c5 Qh4 25. Be2 Rd2 26. Rad1 f4 27. Bc1 Rxd1
28. Rxd1 fxe3 29. Bxe3 Nd4 30. Bxd4 exd4 31. Qc2 Qg5 32. Bd3 Qe3+ 33. Kf1 Kh8
34. Re1 Qh6 35. Kg1 c6 36. b4 axb4 37. axb4 Bf7 38. h3 Qh4 39. Qf2 Qf6 40. Qg3
h6 $138 1-0

[Event "Bundesliga 9697"]
[Site "Deutschland"]
[Date "1997.??.??"]
[Round "?.5"]
[White "Schmidt, Peter"]
[Black "Lau, Ralf"]
[Result "0-1"]
[WhiteElo "2410"]
[BlackElo "2500"]
[PlyCount "140"]
[EventDate "1996.10.??"]
[EventType "team"]
[EventRounds "15"]
[EventCountry "GER"]
[SourceTitle "Bundesliga 9697"]
[Source "DeepChess"]
[SourceDate "2005.01.01"]
[SourceVersion "1"]
[SourceVersionDate "2005.01.01"]
[SourceQuality "1"]
[WhiteTeam "SK Passau 1869"]
[BlackTeam "SG 1868 Aljech. Solingen"]
[WhiteTeamCountry "GER"]
[BlackTeamCountry "GER"]

1. Nf3 Nf6 2. g3 d5 3. Bg2 c6 4. O-O Nbd7 5. d4 e6 6. Bg5 h6 7. Bxf6 Qxf6 8. c4
Be7 9. Nc3 O-O 10. e4 dxe4 11. Nxe4 Qf5 12. Re1 Rd8 13. Qb3 Qa5 14. Rad1 Nb6
15. c5 Nd5 16. Ne5 Qc7 17. Qf3 Rf8 18. Bf1 Bd7 19. Bd3 Rad8 20. Nc3 Nf6 21. Bb1
Be8 22. Qd3 g6 23. b4 Kg7 24. a3 b6 25. Qa6 Nd7 26. Nxd7 Rxd7 27. Qe2 Qd8 28.
Qe4 Bf6 29. Ne2 bxc5 30. bxc5 e5 31. Rd2 exd4 32. Red1 Re7 33. Qf3 Qa5 34. Nxd4
Qxc5 35. Rc2 Qd5 36. Qxd5 cxd5 37. Ba2 Ba4 38. Bb3 Bxb3 39. Nxb3 Rb8 40. Nd4
Rd7 41. Rcd2 Rb6 42. Nc2 Rbd6 43. Rd3 Kf8 44. Kg2 Ke8 45. Rb1 Kd8 46. Rb5 Bg7
47. Kf1 d4 48. Rb8+ Kc7 49. Rb4 a5 50. Ra4 Rd5 51. Rc4+ Kd8 52. Ke2 Rc7 53.
Rxc7 Kxc7 54. a4 Kc6 55. Kd2 Kc5 56. Rb3 Kc4 57. Rb7 Rf5 58. Na3+ Kd5 59. Rb5+
Ke4 60. Rxf5 gxf5 61. Nc4 Bf8 62. f3+ Kxf3 63. Kd3 Bb4 64. Ne5+ Kg2 65. Nxf7
Bf8 66. Kxd4 Kxh2 67. Ke5 Kxg3 68. Kxf5 h5 69. Ng5 h4 70. Ne4+ Kg2 0-1

[Event "Bundesliga 9697"]
[Site "Deutschland"]
[Date "1997.??.??"]
[Round "?.6"]
[White "Podzielny, Karl Heinz"]
[Black "Pichler, Juergen"]
[Result "1-0"]
[WhiteElo "2490"]
[BlackElo "2400"]
[PlyCount "115"]
[EventDate "1996.10.??"]
[EventType "team"]
[EventRounds "15"]
[EventCountry "GER"]
[SourceTitle "Bundesliga 9697"]
[Source "DeepChess"]
[SourceDate "2005.01.01"]
[SourceVersion "1"]
[SourceVersionDate "2005.01.01"]
[SourceQuality "1"]
[WhiteTeam "SG 1868 Aljech. Solingen"]
[BlackTeam "SK Passau 1869"]
[WhiteTeamCountry "GER"]
[BlackTeamCountry "GER"]

1. d4 d5 2. c4 c6 3. Nc3 Nf6 4. Nf3 e6 5. Bg5 Nbd7 6. cxd5 exd5 7. e3 Be7 8.
Qc2 O-O 9. Bd3 Re8 10. h4 Nf8 11. O-O-O Be6 12. Kb1 Rc8 13. Bxf6 Bxf6 14. Ng5
h6 15. Nxe6 Nxe6 16. g4 c5 17. g5 cxd4 18. gxf6 dxc3 19. Bb5 Rf8 20. fxg7 Kxg7
21. Rdg1+ Kf6 22. Ba4 Ke7 23. Bb3 Qb6 24. bxc3 a5 25. Ka1 Rc5 26. Rb1 Qc6 27.
Rbd1 b5 28. Qb2 a4 29. Bc2 Rxc3 30. Bf5 Rb8 31. Qb4+ Ke8 32. Bd3 Rc5 33. Rdg1
Kd7 34. f4 Qd6 35. Qb2 b4 36. Qf6 Qe7 37. Qe5 Qd6 38. Qf6 Nd8 39. Qg7 Ke7 40.
Rg6 Ne6 41. Qf6+ Kd7 42. Qxf7+ Qe7 43. Qf5 Rb6 44. Qg4 h5 45. Qg2 a3 46. Rd1
Rbc6 47. Kb1 Nxf4 48. Bf5+ Kd8 49. Rg8+ Kc7 50. exf4 Qe3 51. Qg7+ Kb6 52. Rb8+
Ka5 53. Ra8+ Kb5 54. Qb7+ Rb6 55. Bd7+ Kc4 56. Qxb6 Qe4+ 57. Ka1 Qe2 58. Bb5+
1-0

[Event "Bundesliga 9697"]
[Site "Deutschland"]
[Date "1997.??.??"]
[Round "?.7"]
[White "Schlingensiepen, Christian"]
[Black "Schaefer, Markus"]
[Result "1/2-1/2"]
[WhiteElo "2290"]
[BlackElo "2435"]
[PlyCount "82"]
[EventDate "1996.10.??"]
[EventType "team"]
[EventRounds "15"]
[EventCountry "GER"]
[SourceTitle "Bundesliga 9697"]
[Source "DeepChess"]
[SourceDate "2005.01.01"]
[SourceVersion "1"]
[SourceVersionDate "2005.01.01"]
[SourceQuality "1"]
[WhiteTeam "SK Passau 1869"]
[BlackTeam "SG 1868 Aljech. Solingen"]
[WhiteTeamCountry "GER"]
[BlackTeamCountry "GER"]

1. e4 e6 2. d3 d5 3. Nd2 c5 4. Ngf3 Nc6 5. g3 g6 6. Bg2 Bg7 7. O-O Nge7 8. Re1
b6 9. e5 Qc7 10. Qe2 g5 11. Nxg5 Qxe5 12. Qxe5 Nxe5 13. Nc4 Nxc4 14. dxc4 Bb7
15. cxd5 Bxd5 16. Ne4 O-O 17. Bg5 f6 18. Bd2 Rad8 19. Bc3 Nc6 20. a4 Nd4 21.
Bxd4 cxd4 22. a5 Rf7 23. axb6 axb6 24. Ra4 Rc7 25. c3 Bxe4 26. Bxe4 f5 27. Bb1
dxc3 28. bxc3 Bxc3 29. Rc1 Be5 30. Rxc7 Bxc7 31. Ba2 Kf7 32. Rh4 Kg6 33. Bxe6
Be5 34. Rc4 Rd2 35. g4 fxg4 36. Rxg4+ Kf6 37. Bc4 h5 38. Rg8 Bd4 39. Rf8+ Kg5
40. Kg2 h4 41. h3 Bc5 1/2-1/2

[Event "Bundesliga 9697"]
[Site "Deutschland"]
[Date "1996.??.??"]
[Round "?.1"]
[White "Adams, Michael"]
[Black "Van der Sterren, Paul"]
[Result "1/2-1/2"]
[WhiteElo "2685"]
[BlackElo "2510"]
[PlyCount "82"]
[EventDate "1996.10.??"]
[EventType "team"]
[EventRounds "15"]
[EventCountry "GER"]
[SourceTitle "Bundesliga 9697"]
[Source "DeepChess"]
[SourceDate "2005.01.01"]
[SourceVersion "1"]
[SourceVersionDate "2005.01.01"]
[SourceQuality "1"]
[WhiteTeam "SG 1868 Aljech. Solingen"]
[BlackTeam "SV Castrop Rauxel 1923"]
[WhiteTeamCountry "GER"]
[BlackTeamCountry "GER"]

1. e4 c5 2. Nf3 d6 3. d4 cxd4 4. Nxd4 Nf6 5. Nc3 a6 6. Be3 e5 7. Nb3 Be6 8. Qd2
Nbd7 9. f3 b5 10. a4 b4 11. Nd5 Bxd5 12. exd5 Nb6 13. Bxb6 Qxb6 14. a5 Qb7 15.
O-O-O Be7 16. g4 Nd7 17. h4 Rc8 18. Kb1 Nc5 19. g5 O-O 20. Bh3 Nxb3 21. cxb3
Rc5 22. Bf5 Rxa5 23. h5 Kh8 24. Rhg1 Rc5 25. f4 exf4 26. Qd4 f6 27. g6 h6 28.
Qxf4 a5 29. Rd3 Ra8 30. Re1 a4 31. Rc1 axb3 32. Rxc5 dxc5 33. Rxb3 Qxd5 34. Qf3
Qd8 35. Re3 Rb8 36. Rd3 Qc7 37. Rd7 Qe5 38. Qe4 Bd6 39. Qxe5 Bxe5 40. Be6 Bd4
41. Kc2 Be5 1/2-1/2

[Event "Bundesliga 9697"]
[Site "Deutschland"]
[Date "1996.??.??"]
[Round "?.2"]
[White "Gallagher, Joseph G"]
[Black "Jussupow, Artur"]
[Result "1/2-1/2"]
[WhiteElo "2530"]
[BlackElo "2665"]
[PlyCount "33"]
[EventDate "1996.10.??"]
[EventType "team"]
[EventRounds "15"]
[EventCountry "GER"]
[SourceTitle "Bundesliga 9697"]
[Source "DeepChess"]
[SourceDate "2005.01.01"]
[SourceVersion "1"]
[SourceVersionDate "2005.01.01"]
[SourceQuality "1"]
[WhiteTeam "SV Castrop Rauxel 1923"]
[BlackTeam "SG 1868 Aljech. Solingen"]
[WhiteTeamCountry "GER"]
[BlackTeamCountry "GER"]

1. e4 e6 2. d4 d5 3. Nd2 c5 4. exd5 exd5 5. Ngf3 Nc6 6. Bb5 Bd6 7. dxc5 Bxc5 8.
O-O Nge7 9. Nb3 Bd6 10. c3 O-O 11. Bd3 h6 12. h3 Bf5 13. Nbd4 Bg6 14. Be3 Rc8
15. Bxg6 Nxg6 16. Qa4 Bb8 17. Rad1 1/2-1/2

[Event "Bundesliga 9697"]
[Site "Deutschland"]
[Date "1996.??.??"]
[Round "?.3"]
[White "Gabriel, Christian"]
[Black "King, Daniel J"]
[Result "1-0"]
[WhiteElo "2565"]
[BlackElo "2535"]
[PlyCount "85"]
[EventDate "1996.10.??"]
[EventType "team"]
[EventRounds "15"]
[EventCountry "GER"]
[SourceTitle "Bundesliga 9697"]
[Source "DeepChess"]
[SourceDate "2005.01.01"]
[SourceVersion "1"]
[SourceVersionDate "2005.01.01"]
[SourceQuality "1"]
[WhiteTeam "SG 1868 Aljech. Solingen"]
[BlackTeam "SV Castrop Rauxel 1923"]
[WhiteTeamCountry "GER"]
[BlackTeamCountry "GER"]

1. d4 Nf6 2. c4 e6 3. Nf3 d5 4. Nc3 Be7 5. Bg5 O-O 6. e3 h6 7. Bxf6 Bxf6 8. Qd2
Nc6 9. Rc1 g6 10. h3 Bg7 11. cxd5 exd5 12. Be2 a6 13. O-O Qd6 14. Na4 Ne7 15.
b4 g5 16. Qc3 c6 17. Ne5 Bf5 18. Nc5 Rab8 19. a4 f6 20. Nf3 Ng6 21. Nd2 Bc8 22.
Nd3 Bd7 23. Bh5 Ne7 24. Rfe1 Bf5 25. Nc5 Bg6 26. Bd1 f5 27. Nf3 Be8 28. Ne5 Ng6
29. Ncd3 Kh8 30. f4 Rg8 31. Rc2 Bf6 32. Rf1 Ne7 33. Rcf2 Kh7 34. Bc2 g4 35.
hxg4 fxg4 36. Nc5+ Kh8 37. g3 Kg7 38. Qd3 h5 39. Qh7+ Kf8 40. Ncd7+ Qxd7 41.
Nxd7+ Bxd7 42. Qh6+ Bg7 43. Qd6 1-0

[Event "Bundesliga 9697"]
[Site "Deutschland"]
[Date "1996.??.??"]
[Round "?.4"]
[White "Watson, William N"]
[Black "Chandler, Murray G"]
[Result "1/2-1/2"]
[WhiteElo "2540"]
[BlackElo "2550"]
[PlyCount "74"]
[EventDate "1996.10.??"]
[EventType "team"]
[EventRounds "15"]
[EventCountry "GER"]
[SourceTitle "Bundesliga 9697"]
[Source "DeepChess"]
[SourceDate "2005.01.01"]
[SourceVersion "1"]
[SourceVersionDate "2005.01.01"]
[SourceQuality "1"]
[WhiteTeam "SV Castrop Rauxel 1923"]
[BlackTeam "SG 1868 Aljech. Solingen"]
[WhiteTeamCountry "GER"]
[BlackTeamCountry "GER"]

1. e4 c5 2. Nf3 d6 3. d4 cxd4 4. Nxd4 Nf6 5. Nc3 a6 6. Bd3 e5 7. Nde2 Be6 8. f4
exf4 9. Nxf4 Nc6 10. Nxe6 fxe6 11. Qe2 Ne5 12. Bc4 Qe7 13. Bf4 g6 14. Bxe5 dxe5
15. Qe3 Rc8 16. Bb3 Bg7 17. Qh3 Rc6 18. O-O-O O-O 19. Kb1 b5 20. Qh4 Kh8 21.
Rd3 Rd8 22. Rhd1 Rcd6 23. Rxd6 Rxd6 24. Rxd6 Qxd6 25. a3 Kg8 26. Qf2 Nd7 27.
Qa7 Bh6 28. Ka2 Bd2 29. Ne2 Nc5 30. Ng1 Ba5 31. Nf3 Bd8 32. Qa8 Kg7 33. Nxe5
Qxe5 34. Qxd8 Nxb3 35. Qd7+ Kg8 36. Qe8+ Kg7 37. Qe7+ Kg8 1/2-1/2

[Event "Bundesliga 9697"]
[Site "Deutschland"]
[Date "1996.??.??"]
[Round "?.5"]
[White "Bischoff, Klaus"]
[Black "Appel, Ralf"]
[Result "1/2-1/2"]
[WhiteElo "2530"]
[BlackElo "2490"]
[PlyCount "73"]
[EventDate "1996.10.??"]
[EventType "team"]
[EventRounds "15"]
[EventCountry "GER"]
[SourceTitle "Bundesliga 9697"]
[Source "DeepChess"]
[SourceDate "2005.01.01"]
[SourceVersion "1"]
[SourceVersionDate "2005.01.01"]
[SourceQuality "1"]
[WhiteTeam "SG 1868 Aljech. Solingen"]
[BlackTeam "SV Castrop Rauxel 1923"]
[WhiteTeamCountry "GER"]
[BlackTeamCountry "GER"]

1. d4 Nf6 2. c4 g6 3. Nc3 Bg7 4. e4 O-O 5. Bd3 Nc6 6. Nge2 e5 7. d5 Nd4 8. O-O
c5 9. Nxd4 exd4 10. Nb5 d6 11. Bf4 Ne8 12. Re1 a6 13. Na3 Nf6 14. h3 Nh5 15.
Bh2 Be5 16. Qd2 Qf6 17. Bf1 Bf4 18. Bxf4 Nxf4 19. b4 b6 20. Rab1 Ra7 21. Rb3
Re7 22. bxc5 bxc5 23. Nb1 Rfe8 24. Qc2 d3 25. Bxd3 Qg5 26. Bf1 Nxh3+ 27. Kh1
Nf4 28. g3 Qh5+ 29. Kg1 Nh3+ 30. Bxh3 Qxh3 31. f4 Bf5 32. Nd2 h5 33. Rbe3 h4
34. Nf1 Qg4 35. Qe2 Qxe2 36. R3xe2 Rxe4 37. Rxe4 1/2-1/2

[Event "Bundesliga 9697"]
[Site "Deutschland"]
[Date "1996.??.??"]
[Round "?.6"]
[White "Libeau, Rene"]
[Black "Lau, Ralf"]
[Result "1/2-1/2"]
[WhiteElo "2450"]
[BlackElo "2510"]
[PlyCount "29"]
[EventDate "1996.10.??"]
[EventType "team"]
[EventRounds "15"]
[EventCountry "GER"]
[SourceTitle "Bundesliga 9697"]
[Source "DeepChess"]
[SourceDate "2005.01.01"]
[SourceVersion "1"]
[SourceVersionDate "2005.01.01"]
[SourceQuality "1"]
[WhiteTeam "SV Castrop Rauxel 1923"]
[BlackTeam "SG 1868 Aljech. Solingen"]
[WhiteTeamCountry "GER"]
[BlackTeamCountry "GER"]

1. c4 e6 2. Nf3 d5 3. e3 Nf6 4. b3 Be7 5. Bb2 O-O 6. Be2 c5 7. O-O Nc6 8. cxd5
Nxd5 9. Qc1 Bd7 10. Nc3 Rc8 11. d3 Re8 12. Qd2 Nxc3 13. Bxc3 Bf6 14. Rac1 b6
15. a4 1/2-1/2

[Event "Bundesliga 9697"]
[Site "Deutschland"]
[Date "1996.??.??"]
[Round "?.7"]
[White "Podzielny, Karl Heinz"]
[Black "Brendel, Oliver"]
[Result "1/2-1/2"]
[WhiteElo "2490"]
[BlackElo "2420"]
[PlyCount "135"]
[EventDate "1996.10.??"]
[EventType "team"]
[EventRounds "15"]
[EventCountry "GER"]
[SourceTitle "Bundesliga 9697"]
[Source "DeepChess"]
[SourceDate "2005.01.01"]
[SourceVersion "1"]
[SourceVersionDate "2005.01.01"]
[SourceQuality "1"]
[WhiteTeam "SG 1868 Aljech. Solingen"]
[BlackTeam "SV Castrop Rauxel 1923"]
[WhiteTeamCountry "GER"]
[BlackTeamCountry "GER"]

1. c4 c5 2. Nf3 Nc6 3. g3 g6 4. Bg2 Bg7 5. O-O Nf6 6. Nc3 O-O 7. a3 d5 8. cxd5
Nxd5 9. Nxd5 Qxd5 10. d3 Bd7 11. Rb1 Rac8 12. Be3 Qd6 13. Nd2 b6 14. b4 cxb4
15. axb4 Nd4 16. Nc4 Qe6 17. Bxd4 Bxd4 18. e3 Bg7 19. Qb3 Bb5 20. Rfc1 Rc7 21.
Bf1 Rfc8 22. Qd1 Qd7 23. Be2 Bc6 24. Qf1 Qd5 25. e4 Qd7 26. Ne3 h5 27. Qe1 Bh6
28. Bf1 Bb7 29. Rxc7 Rxc7 30. Rc1 Rxc1 31. Qxc1 Qd4 32. b5 a5 33. bxa6 Bxa6 34.
Nf5 Bxc1 35. Nxd4 Bb2 36. Nb3 Kg7 37. d4 Bb7 38. Bd3 e6 39. Kf1 Kf6 40. Ke2 g5
41. h3 h4 42. g4 Bc6 43. Ke3 Ba4 44. Bc2 Ke7 45. Kd3 Bb5+ 46. Ke3 Bf1 47. f3
Bb5 48. Bd3 Ba4 49. Bc2 Kd6 50. Bd1 Bb5 51. Be2 Ba4 52. Bd1 f6 53. Bc2 Ba3 54.
Bd1 Bb5 55. Be2 Ba4 56. Bd1 Bb2 57. Bc2 Bd7 58. Bd3 Be8 59. Kd2 Bc6 60. Kc2 Ba3
61. Nd2 Ba4+ 62. Kc3 Bc1 63. Nc4+ Kc7 64. Bc2 Bb5 65. Bd3 Bf4 66. Na3 Ba4 67.
Bc2 Bd7 68. Bd3 1/2-1/2

[Event "Bundesliga 9697"]
[Site "Deutschland"]
[Date "1996.??.??"]
[Round "?.8"]
[White "Sehner, Norbert"]
[Black "Reeh, Oliver"]
[Result "1/2-1/2"]
[WhiteElo "2390"]
[BlackElo "2420"]
[PlyCount "125"]
[EventDate "1996.10.??"]
[EventType "team"]
[EventRounds "15"]
[EventCountry "GER"]
[SourceTitle "Bundesliga 9697"]
[Source "DeepChess"]
[SourceDate "2005.01.01"]
[SourceVersion "1"]
[SourceVersionDate "2005.01.01"]
[SourceQuality "1"]
[WhiteTeam "SV Castrop Rauxel 1923"]
[BlackTeam "SG 1868 Aljech. Solingen"]
[WhiteTeamCountry "GER"]
[BlackTeamCountry "GER"]

1. c4 g6 2. g3 Bg7 3. Bg2 Nf6 4. Nc3 O-O 5. d3 d6 6. e4 c5 7. Nge2 Nc6 8. Rb1
Ne8 9. Be3 Nc7 10. a3 Ne6 11. b4 Ned4 12. O-O b6 13. h3 Nxe2+ 14. Nxe2 e5 15.
f4 exf4 16. gxf4 Bd7 17. Qe1 Rc8 18. b5 Nd4 19. Nxd4 cxd4 20. Bf2 f5 21. Bh4
Qc7 22. Be7 Rfe8 23. Qh4 Be6 24. Bf6 Bxf6 25. Qxf6 Qg7 26. Qxg7+ Kxg7 27. Rbe1
Bd7 28. e5 dxe5 29. fxe5 Be6 30. h4 Red8 31. Kh2 Rc5 32. Kg3 h6 33. Kf4 Kf7 34.
Bf3 Rg8 35. Rg1 Rg7 36. Rg2 Rc8 37. a4 Ke7 38. Reg1 Rcg8 39. Bd5 Kd7 40. Bc6+
Ke7 41. Bd5 Kd7 42. Rg3 Ke7 43. Bxe6 Kxe6 44. R3g2 Ke7 45. c5 bxc5 46. Rc1 Rc8
47. Rgc2 Ke6 48. Rxc5 g5+ 49. hxg5 hxg5+ 50. Kf3 Rxc5 51. Rxc5 Rh7 52. Kg3 Rh1
53. Rc7 Rd1 54. Rxa7 Rxd3+ 55. Kf2 Rd2+ 56. Ke1 Rb2 57. Rg7 Kxe5 58. Rxg5 Rb4
59. Rg8 Rxa4 60. Kd2 Rb4 61. Re8+ Kd5 62. Rf8 Ke4 63. Re8+ 1/2-1/2